Statistiques concernant Les villes les plus peuplées du Finistère

Cliquez ici pour prendre le quiz!

Statistiques générales

  • Ce quiz a été pris 86 fois
  • Le résultat moyen est 10 sur 20

Statistiques - réponses

Population Ville % Correct
149 649Brest
97%
63 274Quimper
97%
16 004Morlaix
78%
10 841Quimperlé
78%
19 435Concarneau
74%
15 840Douarnenez
72%
14 274Landerneau
61%
8 759Landivisiau
53%
12 588Guipavas
50%
7 537Crozon
47%
12 054Plouzané
43%
12 243Plougastel-Daoulas
43%
10 851Le Relecq-Kerhuon
40%
8 063Fouesnant
39%
7 846Pont-l'Abbé
38%
7 655Carhaix-Plouguer
29%
6 948Guilers
19%
7 092Saint-Pol-de-Léon
19%
6 929Ergué-Gabéric
17%
6 992Plabennec
17%

Distribution des résultats

Percentile by Number Answered

% des personnes avec chaque résultat

Votre développement - résultats

Vous n’avez pas pris ce quiz